000 00966nam a2200241 a 4500
001 39019
003 BD-RjUL
005 20211209052912.0
008 160404s2011 bg ||||e |||| 00| 0 ben d
020 _a9840749609:
_cTk.200.00
035 _a(BD-RjUL)39130
040 _aBD-RjUL
_bben
_cBD-RjUL
041 _aben
082 _223
_a891.443
_bHAB 2011
100 _aহক, ফেরদৌসী
_9120460
245 1 _aবঙ্কিমচন্দ্র ও রবীন্দ্রনাথের উপন্যাসে নারীজীবন রুপায়নের তুলনা /
_cফেরদৌসী হক
260 _aঢাকা :
_bবাংলা একাডেমী,
_c২০১১.
300 _a[৩] ৩৭৬ পৃ.;
_c২১সে.মি.
504 _aগ্রন্থপঞ্জি সম্বলিত
650 _aবাংলা উপন্যাস
_9120461
650 _aBangali Fiction
_9120462
942 _2ddc
_cBK
999 _c39019
_d39019